000
00302nam a22001217a 4500
020
_a
9788172338596
082
_a
631.587
_b
PAR/AG
100
_a
Parmar,Hiteshkumar V.
_9
261
245
_a
Agricultural Drainage Engineering
260
_a
Jodhpur
_b
Scientific Publishers
_c
2014
300
_a
238
942
_c
BK
999
_c
14513
_d
14513